| 000 | 00535nam a22001937a 4500 | ||
|---|---|---|---|
| 003 | OSt | ||
| 005 | 20140310183009.0 | ||
| 008 | 130211t xxu||||| |||| 00| 0 eng d | ||
| 020 | _a9710865366 | ||
| 050 |
_aTX 911.2 _b.C889 2005 |
||
| 100 | _aCruz, Zenaida L. | ||
| 245 |
_aConvention and event management / _cZenaida L. Cruz. |
||
| 260 |
_aMandaluyong City : _bNational Book Store, _c2005. |
||
| 300 |
_a131 p. : _bill. ; _c22 cm. |
||
| 521 | _aTOU | ||
| 650 |
_a Festivals _vManagement |
||
| 942 |
_2lcc _cBK _kLOC |
||
| 999 |
_c18210 _d18210 |
||